Responses for Show #531 - Monday, December 22, 1986

Frank Hughes game 4.

Contestants

[<< previous game]

David Albrecht, a student from Kansas City

Pam Bearce, a commercial property manager from Kaneohe, Hawaii

Frank Hughes, an account executive from Torrance, California (whose 3-day cash winnings total $21,800)

[next game >>]

Jeopardy! Round responses

THE HUMAN BODY
FOLK SONGS
SPORTS
ARGENTINA
QUOTES
(Alex: And finally one of the fun categories we have used on the program...)
STUPID ANSWERS
    $100 4
red

David
    $100 13
the old grey goose

David
    $100 18
the penalty box

David
    $100 19
Roman Catholic

David
    $100 1
2001 (A Space Odyssey)

Pam
    $100 2
the University of Wyoming

Frank
    $200 5
the brain

Pam
    $200 14
the man down

Pam
    $200 23
his mother

Pam
    $200 20
Buenos Aires

Frank
    $200 3
Paris

David
    $200 6
the Holy Roman Empire

Pam
    $300 10
the molars

David
    $300 15
gringo

Triple Stumper
    $300 24
Yogi Berra

Triple Stumper
    $300 21
inflation

Frank
    $300 25
Mae West

Pam
    $300 7
(Frank: What is Ontario, Canada?)
(Pam: What is Greater Porcupine, Ontario, Canada?)

South Porcupine

FrankPam
Triple Stumper
    $400 11
(Frank: What are cuticles?)

the moons (the crescents)

FrankPam
    $400 16
(Frank: What is down by the riverside?)

"The Tavern In The Town"

Frank
Triple Stumper
    $400 22
the '60s

Pam
    $400 26
[The end-of-round signal sounds.]

yellow bricks

Frank
    $400 8
(Frank: They're blood relative. What is, they're...)
(Alex: No, that's wrong.)
...
(Alex: Men who leave widows are dead, and don't usually marry anyone.)

they're dead

FrankDavid
    $500 12
the alimentary canal

Pam
    $500 17
(Pam: I have no idea.)
...
(Alex: What is, I dream of [*]?)

"Jeanie With The Light Brown Hair"

Pam
    $500 9
Tennessee Ernie Ford

Pam

Scores at the first commercial break (after clue 11):

Frank Pam David
-$1,000 $1,100 $1,000

Scores at the end of the Jeopardy! Round:

Frank Pam David
-$500 $2,200 $1,300

Double Jeopardy! Round responses

(Alex: Things that happened in the year...)
1959
BOTANY
ACTORS & ROLES
FOOD PHRASES
U.S. CITIES
"THE"
    $200 13
(Alex: The country was [*], they were there first.)

the Soviet Union

Triple Stumper
    $200 11
the pistil

David
    $200 1
(Alex: Ah, we don't usually stump our contestants on the very first clue in a category. [*] is the actor's name.)

E.G. Marshall

Triple Stumper
    $200 18
(Frank: What is The Fox & the Grapes? What are grapes?)

sour grapes

FrankDavid
    $200 8
Cleveland

Frank
    $400 14
phone booths

David
    $400 17
a water lily

Pam
    $400 2
Jagged Edge

Pam
    $400 19
a spaghetti western

David
    $700 4
(David: What is New Orleans?)

Chattanooga (Shoe Shine Boy)

David
    $600 12
(Frank: Who [*]?)

died in that year

Frank
    $600 23
fungi

Frank
    $600 3
Ray Milland

David
    $600 20
(Alex: You're right, and we've got less than a minute to go in the round.)

couch potatoes

Pam
    $600 5
(David: I used to live there.)

Huntsville

David
    $800 15
Cuba

Triple Stumper
    $800 24
carbon

Triple Stumper
    $800 9
Anouk Aimée

Triple Stumper
    $800 21
buttering up

Frank
    $800 6
Johnstown

David
    $1000 16
(Frank: What is The Diary of Anne Frank?)
...
(Alex: The play was called A Judgment at Nuremberg...not "A Judgment", [*].)

Judgment at Nuremberg

Frank
Triple Stumper
    $1000 25
[The end-of-round signal sounds.]

cellulose

Triple Stumper
    $1000 10
Paul Muni

Frank
    $1000 22
(Frank: The light never came on.)

your salad days

Triple Stumper
    $1000 7
(David: Who is Des Moines?)
(Pam: Who is Ames?)
...
(Alex: Julien [*].)

Dubuque

FrankPamDavid

Scores at the end of the Double Jeopardy! Round:

Frank Pam David
$2,500 $2,600 $2,800

[wagering suggestions for these scores]

Final Jeopardy! Round responses

STAMPS & COINS
FrankWhat are I don't know
$0
PamWho are astronauts
$2,501
DavidWho are athletes?
$2,800
presidents of the United States

Final scores:

Frank Pam David
$2,500 $99 $0
4-day champion: $24,300 2nd place: Lane recliner + Company Store bedding 3rd place: Gusdorf entertainment center

Game dynamics:

Coryat scores:

Frank Pam David
$2,500 $3,100 $3,500
10 R,
6 W
13 R,
3 W
(including 1 DD)
14 R,
2 W
(including 1 DD)

Combined Coryat: $9,100

[game clues] [game scores] [suggest correction]

Game tape date: 1986-10-01
The J! Archive is created by fans, for fans. Scraping, republication, monetization, and malicious use prohibited; this site may use cookies and collect identifying information. See terms. The Jeopardy! game show and all elements thereof, including but not limited to copyright and trademark thereto, are the property of Jeopardy Productions, Inc. and are protected under law. This website is not affiliated with, sponsored by, or operated by Jeopardy Productions, Inc. Join the discussion at JBoard.tv.